000 01898nam0a2200433 i 4500
001 RU\NLR\bibl\2067025
005 20260406024354.0
010 _a9785811414772
010 _a978-5-91938-085-6
_bПланета музыки
_91000
021 _aRU
_b2013-59901
_94115
035 _a(nilc)LIBNET\0000348565
035 _aRU
035 _a(NLR Aleph) 002053477
090 _a4652676
_c4652676
100 _a20130530d2013 u u0rusy50 ca
101 0 _arus
102 _aRU
105 _aa |||||||||
200 1 _aРисунок
_dDrawing
_eучебник по направлению "Архитектура"
_fЛ. Н. Зорин
_zeng
210 _aСанкт-Петербург [и др.]
_cЛань
_cПланета музыки
_d2013
215 _a98 с.
_cил., цв.ил., портр.
_d30
225 1 _aУчебники для вузов
_iСпециальная литература
300 _aАвт. также на англ. яз.: L.N. Zorin
320 _aБиблиогр.: с. 97
333 _a12+
510 1 _6z20790
_aDrawing
_zeng
606 1 _aРисунок
_jУчебники для высших учебных заведений
_xТеория
_92001765
_3RU\NLR\auth\66919945
610 1 _aграфические искусства, преподавание
686 _a85.15р.я73-1
_2rubbk
686 _a18.31.41
_2rugasnti
686 _aЩ150.444я73
700 1 _4070
_8rus
_7ca
_aЗорин
_bЛ. Н.
_cканд. архитектуры
_f1955-
_gЛеонид Николаевич
_3RU\NLR\auth\77125944
_9108868
790 1 _4070
_8rus
_7ba
_aZorin
_bL. N.
_cканд. архитектуры
_f1955-
_gLeonid Nikolaevič
_3RU\NLR\auth\77125947
_9108871
801 0 _aRU
_bТюменская ОНБ
_c20130530
801 1 _aRU
_bТюменская ОНБ
_c20130603
_2rusmarc
801 2 _aRU
_bNLR
_c20130829
_grcr
942 _cBOOK
980 _aNBR